|
|
|
|
| LEADER |
00000nbm0a2200000 4500 |
| 001 |
174164 |
| 005 |
20231031164617.0 |
| 029 |
0 |
0 |
|a SU
|b 74065785
|f ТПУ
|
| 035 |
|
|
|a (RuTPU)RU\TPU\book\188870
|
| 090 |
|
|
|a 174164
|
| 100 |
|
|
|a 20100122d1974 k y0rusy50 ca
|
| 101 |
0 |
|
|a rus
|
| 102 |
|
|
|a RU
|
| 105 |
|
|
|a a p 001zy
|
| 200 |
1 |
|
|a Разработка, изготовление и практическое применение системы программированного контроля знаний по охране труда
|e Отчет о НИР
|e Тема: № 1-75/73
|f Томский политехнический институт (ТПИ) ; руководитель Л. М. Ананьев
|
| 210 |
|
|
|a Томск
|d 1974
|
| 215 |
|
|
|a 158 л.
|
| 320 |
|
|
|a Библиогр.: с. 156-158.
|
| 610 |
1 |
|
|a отчеты о НИР
|
| 610 |
1 |
|
|a охрана труда
|
| 610 |
1 |
|
|a системы программированного контроля
|
| 610 |
1 |
|
|a разработка
|
| 610 |
1 |
|
|a изготовление
|
| 610 |
1 |
|
|a практическое применение
|
| 610 |
1 |
|
|a знания
|
| 610 |
1 |
|
|a инженерно-технические кадры
|
| 675 |
|
|
|a 331.8(04)
|v 3
|
| 702 |
|
1 |
|a Ананьев
|b Л. М.
|c специалист в области электроники
|c доктор технических наук, профессор Томского политехнического университета
|f 1926-1998
|g Лев Мартемьянович
|2 stltpush
|3 (RuTPU)RU\TPU\pers\11866
|4 673
|
| 712 |
0 |
2 |
|a Томский политехнический институт (ТПИ)
|c (1944-1991)
|2 stltpush
|3 (RuTPU)RU\TPU\col\1123
|4 595
|
| 801 |
|
1 |
|a RU
|b 63413507
|c 20100122
|
| 801 |
|
2 |
|a RU
|b 63413507
|c 20220215
|g RCR
|
| 942 |
|
|
|c BK
|